<?xml version="1.0" encoding="UTF-8"?>
<record
    xmlns:xsi="http://www.w3.org/2001/XMLSchema-instance"
    xsi:schemaLocation="http://www.loc.gov/MARC21/slim http://www.loc.gov/standards/marcxml/schema/MARC21slim.xsd"
    xmlns="http://www.loc.gov/MARC21/slim">

  <leader>00510nam a22001697a 4500</leader>
  <controlfield tag="005">20240116113307.0</controlfield>
  <controlfield tag="008">210219b           ||||| |||| 00| 0 eng d</controlfield>
  <datafield tag="020" ind1=" " ind2=" ">
    <subfield code="a">978-93-5129-668-3</subfield>
  </datafield>
  <datafield tag="041" ind1=" " ind2=" ">
    <subfield code="a">eng</subfield>
  </datafield>
  <datafield tag="082" ind1=" " ind2=" ">
    <subfield code="a">615.19</subfield>
  </datafield>
  <datafield tag="100" ind1=" " ind2=" ">
    <subfield code="a">ROCHE, VICTORIA. F .,ZITO,S. WILLIAM.,LEMKE,THOMAS L. AND WILLIAMS, DAVID A.</subfield>
    <subfield code="9">8380</subfield>
  </datafield>
  <datafield tag="245" ind1=" " ind2=" ">
    <subfield code="a">ESSENTIALS OF FOYE'S PRINCIPLES OF MEDICINAL CHEMISTRY </subfield>
  </datafield>
  <datafield tag="260" ind1=" " ind2=" ">
    <subfield code="a">PHILADELPHIA</subfield>
    <subfield code="b">WALTERS KLUWER</subfield>
    <subfield code="c">2017</subfield>
  </datafield>
  <datafield tag="300" ind1=" " ind2=" ">
    <subfield code="a">641,p</subfield>
  </datafield>
  <datafield tag="650" ind1=" " ind2=" ">
    <subfield code="a">PHARMACY</subfield>
    <subfield code="x">B.PHARMA</subfield>
  </datafield>
  <datafield tag="942" ind1=" " ind2=" ">
    <subfield code="c">BK</subfield>
  </datafield>
  <datafield tag="999" ind1=" " ind2=" ">
    <subfield code="c">7457</subfield>
    <subfield code="d">7455</subfield>
  </datafield>
  <datafield tag="952" ind1=" " ind2=" ">
    <subfield code="0">0</subfield>
    <subfield code="1">0</subfield>
    <subfield code="4">0</subfield>
    <subfield code="7">0</subfield>
    <subfield code="8">REF</subfield>
    <subfield code="a">JRU</subfield>
    <subfield code="b">JRU</subfield>
    <subfield code="c">SHELF-5-A</subfield>
    <subfield code="d">2021-02-19</subfield>
    <subfield code="e">PURCHES / LBI - 1710 / 11-2-21</subfield>
    <subfield code="g">999.00</subfield>
    <subfield code="l">1</subfield>
    <subfield code="o">615.19</subfield>
    <subfield code="p">25551</subfield>
    <subfield code="r">2025-05-27 10:13:08</subfield>
    <subfield code="s">2025-02-07</subfield>
    <subfield code="w">2021-02-19</subfield>
    <subfield code="y">BK</subfield>
  </datafield>
  <datafield tag="952" ind1=" " ind2=" ">
    <subfield code="0">0</subfield>
    <subfield code="1">0</subfield>
    <subfield code="4">0</subfield>
    <subfield code="7">0</subfield>
    <subfield code="8">PHARMACY</subfield>
    <subfield code="a">JRU</subfield>
    <subfield code="b">JRU</subfield>
    <subfield code="c">SHELF-18-A</subfield>
    <subfield code="d">2021-02-19</subfield>
    <subfield code="e">PURCHES / LBI - 1710 / 11-2-21</subfield>
    <subfield code="g">999.00</subfield>
    <subfield code="l">3</subfield>
    <subfield code="o">615.19</subfield>
    <subfield code="p">25552</subfield>
    <subfield code="r">2026-01-06 10:45:13</subfield>
    <subfield code="s">2025-08-20</subfield>
    <subfield code="w">2021-02-19</subfield>
    <subfield code="y">BK</subfield>
  </datafield>
  <datafield tag="952" ind1=" " ind2=" ">
    <subfield code="0">0</subfield>
    <subfield code="1">0</subfield>
    <subfield code="4">0</subfield>
    <subfield code="7">0</subfield>
    <subfield code="8">PHARMACY</subfield>
    <subfield code="a">JRU</subfield>
    <subfield code="b">JRU</subfield>
    <subfield code="c">SHELF-18-A</subfield>
    <subfield code="d">2022-02-08</subfield>
    <subfield code="e">PURCHASE</subfield>
    <subfield code="g">2199.00</subfield>
    <subfield code="l">0</subfield>
    <subfield code="o">616.0756</subfield>
    <subfield code="p">25965</subfield>
    <subfield code="r">2022-02-08 00:00:00</subfield>
    <subfield code="w">2022-02-08</subfield>
    <subfield code="y">BK</subfield>
  </datafield>
  <datafield tag="952" ind1=" " ind2=" ">
    <subfield code="0">0</subfield>
    <subfield code="1">0</subfield>
    <subfield code="4">0</subfield>
    <subfield code="7">0</subfield>
    <subfield code="8">PHARMACY</subfield>
    <subfield code="a">JRU</subfield>
    <subfield code="b">JRU</subfield>
    <subfield code="c">SHELF-18-A</subfield>
    <subfield code="d">2022-02-08</subfield>
    <subfield code="e">PURCHASE</subfield>
    <subfield code="g">2199.00</subfield>
    <subfield code="l">0</subfield>
    <subfield code="o">616.0756</subfield>
    <subfield code="p">25966</subfield>
    <subfield code="r">2022-02-08 00:00:00</subfield>
    <subfield code="w">2022-02-08</subfield>
    <subfield code="y">BK</subfield>
  </datafield>
  <datafield tag="952" ind1=" " ind2=" ">
    <subfield code="0">0</subfield>
    <subfield code="1">0</subfield>
    <subfield code="4">0</subfield>
    <subfield code="7">0</subfield>
    <subfield code="8">PHARMACY</subfield>
    <subfield code="a">JRU</subfield>
    <subfield code="b">JRU</subfield>
    <subfield code="c">SHELF-18-A</subfield>
    <subfield code="d">2022-02-08</subfield>
    <subfield code="e">PURCHASE</subfield>
    <subfield code="g">2199.00</subfield>
    <subfield code="l">0</subfield>
    <subfield code="o">616.0756</subfield>
    <subfield code="p">25967</subfield>
    <subfield code="r">2022-02-08 00:00:00</subfield>
    <subfield code="w">2022-02-08</subfield>
    <subfield code="y">BK</subfield>
  </datafield>
  <datafield tag="952" ind1=" " ind2=" ">
    <subfield code="0">0</subfield>
    <subfield code="1">0</subfield>
    <subfield code="4">0</subfield>
    <subfield code="7">0</subfield>
    <subfield code="8">PHARMACY</subfield>
    <subfield code="a">JRU</subfield>
    <subfield code="b">JRU</subfield>
    <subfield code="c">SHELF-18-A</subfield>
    <subfield code="d">2022-02-08</subfield>
    <subfield code="e">PURCHASE</subfield>
    <subfield code="g">2199.00</subfield>
    <subfield code="l">0</subfield>
    <subfield code="o">616.0756</subfield>
    <subfield code="p">25968</subfield>
    <subfield code="r">2022-02-08 00:00:00</subfield>
    <subfield code="w">2022-02-08</subfield>
    <subfield code="y">BK</subfield>
  </datafield>
</record>
